[Event "PK LeiSB 2023 groep B"]
[Site "Leiden, Netherlands"]
[Date "2023.05.15"]
[Round "1"]
[White "Schoonman, Ivo"]
[Black "Scheele, Peter"]
[Result "1-0"]
[WhiteElo "1647"]
[BlackElo "1171"]
[PlyCount "99"]
[EventDate "2023.??.??"]

1. e4 c5 2. Nf3 d6 3. d4 cxd4 4. Nxd4 Nf6 5. Nc3 a6 6. Bc4 b5 7. Bb3 Bb7 8. f3
e6 9. Be3 Be7 10. O-O Nbd7 11. a3 O-O 12. Qd2 Rc8 13. a4 bxa4 14. Nxa4 Qc7 15.
Rfc1 d5 16. exd5 Nxd5 17. Bf2 h6 18. Bg3 e5 19. Nf5 Bg5 20. Qd1 Bxc1 21. Bxd5
Bg5 22. Nd6 Bxd5 23. Nxc8 Nf6 24. Ncb6 Be3+ 25. Bf2 Bxf2+ 26. Kxf2 Bc6 27. Nc4
Bxa4 28. Rxa4 Qc6 29. b3 e4 30. Qd6 Qxd6 31. Nxd6 exf3 32. gxf3 Rd8 33. Rxa6
Nd5 34. c4 Nc7 35. Rc6 Ne6 36. Rc8 Kf8 37. Rxd8+ Nxd8 38. b4 Ke7 39. Nf5+ Kf6
40. Nd4 Ke5 41. Ke3 Ne6 42. Nxe6 fxe6 43. f4+ Kd6 44. Ke4 g5 45. fxg5 hxg5 46.
h3 Kc6 47. Ke5 Kd7 48. b5 Kc7 49. Kxe6 Kb6 50. Kf5 1-0